1728 1963 1959 1395 1023 1525 1304 1761 1989 1419 1052 1961 1779 1965 1848 1753 1745 1206 1165 1100 1286 1959 1942 1269 1031 1417 1746 1490 1017 1473 1026 1440 1943 1475 1248 1296 1199 1124 1975 1071 1082 1090 1867 1352 1034 1750 1050 1833 1836 1100 1883 1618 1652 1223 1136 1633 1784 1045 1303 1536 1222 1399 1474 1265 1539 1394 1763 1503 1754 1040 1021 1107 1397 1457 1550 1038 1277 1044 1669 1060 1676 1629 1466 1854 1859 1109 1568 1686 1370 1667 1134 1693 1142 1162 1048 1019 1678 1163 1780 BCNSPRNW ULIB Ver.6.0+V

เปลี่ยนเป็นภาษาไทย

Change to English
 แสดงรายละเอียดบรรณานุกรม
  กลับหน้าหลัก

Brief Record : Get Marc (ISO 2709) : E-mail record : QR code < ปิดหน้าต่าง
LEADER : 00000nam 2200000uu 4500
001    13399121212
003     ULIB
008    121109s2554||||th 000 0 tha d
020    ^a9786165051347
060 04 ^aWG210^bน578ก
100 0  ^aนิตยา เพ็ญศิรินภา
245 10 ^aการเสริมพลังเพื่อการปรับเปลี่ยนพฤติกรรมเสี่ยงต่อโรคหัวใจและหลอดเลือด :^bแนวคิดและการปฏิบัติ /^cนิตยา เพ็ญศิรินภา
250    ^aพิมพ์ครั้งที่ 3
260    ^aกรุงเทพฯ :^bสาขาวิชาวิทยาศาสตร์สุขภาพมหาวิทยาลัยสุโขทัยธรรมาธิราช,^c2554
300    ^a[ก]-ฉ, 141, [1] หน้า :^bภาพประกอบ ;^c30 ซม.
505 0  ^a^tโรคหัวใจและหลอดเลือด และการป้องกัน - -^tแนวคิดการเสริมพลังกับการลดปัจจัยเสี่ยงต่อโรคหัวใจและหลอดเลือด - -^tทฤษฎีที่เกี่ยวข้องกับการพัฒนาพฤติกรรมสุขภาพและการเสริมพลังบุคคล - -^tการปฏิบัติในการวางแผน การจัดกิจกรรมและการประเมินผลโครงการเสริมพลังเพื่อการปรับเปลี่ยนพฤติกรรมเสี่ยงต่อโรคหัวใจและหลอดเลือด - -^tกรณีตัวอย่างการจัดกิจกรรมและโครงการปรับเปลี่ยนพฤติกรรมเสี่ยงต่อโรคหัวใจและหลอดเลือดตามแนวคิดการเสริมพลัง - -^tบทเรียนโครงการปรับเปลี่ยนพฤติกรรมของสถานบริการสาธารณสุข
650  4 ^aหัวใจ, โรค^xการป้องกันและควบคุม
650  4 ^aหลอดเลือดโคโรนารีย์, โรค^xการป้องกันและควบคุม
710 2  ^aมหาวิทยาลัยสุโขทัยธรรมาธิราช. ^bสาขาวิทยาศาสตร์สุขภาพ
856    ^z20120815133550_1158.pdf (Content)^uhttp://ulibm.bcnsprnw.ac.th/ULIB6//_fulltext/5/13399121212/20121109104629_79.pdf
945    ^p270^l0^i032997
945    ^p270^l0^i032998
945    ^p270^l0^i032999
995    ^a เกษร
999    ^aใช้งานได้ทุกระบบ
รายการนี้ยังไม่มีแท็ก
คุณยังไม่ได้ล็อกอิน คุณสามารถมีกิจกรรมร่วมกับเว็บไซต์ได้ แต่ต้องล็อกอินก่อน ::
  ล็อกอิน

รายการสื่อสารสนเทศ

ลำดับที่ ประเภท เลขเรียก/บาร์โค้ด สถานที่ สถานะ
1. วิทยาศาสตร์การแพทย์ และสุขภาพ
หนังสือสำรอง
สถานะ=หนังสือสำรอง
WG210 น578ก ฉ.1 
  Barcode: 032997
ห้องสมุดวิทยาเขตสวรรค์ประชารักษ์
►ส่วนจัดเก็บหนังสือเก่า สปร
บนชั้น
  ขอยืม
2. วิทยาศาสตร์การแพทย์ และสุขภาพ
วิทยาศาสตร์การแพทย์ และสุขภาพ
WG210 น578ก ฉ.2 
  Barcode: 032998
ห้องสมุดวิทยาเขตสวรรค์ประชารักษ์
►ส่วนจัดเก็บหนังสือเก่า สปร
บนชั้น
  ขอยืม
3. วิทยาศาสตร์การแพทย์ และสุขภาพ
วิทยาศาสตร์การแพทย์ และสุขภาพ
WG210 น578ก ฉ.3 
  Barcode: 032999
ห้องสมุดวิทยาเขตสวรรค์ประชารักษ์
►ส่วนจัดเก็บหนังสือเก่า สปร
บนชั้น
  ขอยืม

รายการใกล้เคียง
    ผู้แต่ง [นิตยา เพ็ญศิรินภา]

BibComment


ยังไม่เคยถูกคอมเมนท์

คอมเมนท์ทรัพยากรรายการนี้
  คอมเมนท์: การเสริมพลังเพื่..


 Copyright 2026. Bcnsprnw @Library